| 000 | 00878nam a22002297a 4500 | ||
|---|---|---|---|
| 999 |
_c8903 _d8903 |
||
| 003 | AR-CdUCM | ||
| 008 | 190326b ||||| |||| 00| 0 spa d | ||
| 040 |
_aMUNICIPALIDAD PROVINCIAL DEL CUSCO _cBIBLIOTECA MUNICIPAL DEL CUSCO |
||
| 082 |
_a333.3 / _bB87 |
||
| 100 |
_aBrown, Lester R. _924737 |
||
| 245 |
_aComo aumentar la producción de mundial de alimentos : _bProblemas y perspectivas / |
||
| 260 |
_aMéxico : _bUteha, _c1966. |
||
| 300 |
_a228 páginas ; _c18 cm. |
||
| 440 |
_aManuales uteha _n344 _924738 |
||
| 505 | _aContenido : Definición de problemas -- Enfoque del problema -- Tendencias históricas del rendimiento de los cereales en países seleccionados ... | ||
| 650 |
_aProducción _91785 |
||
| 650 |
_aAlimentos _97656 |
||
| 650 |
_aProblemas y perspectivas _924739 |
||
| 700 |
_aFernandez Cepero, Manuel _924740 |
||
| 942 |
_2ddc _cLIBROS |
||
| 945 | _arah | ||